Biblioteca

Educación superior. Sociedad e investigación : Cuatro estudios básicos sobre educación superior / Myriam Henao Willes...[et. al.] (Registro nro. 40979)

Detalles MARC
000 -LÍDER
Campo fijo de descripción fija 009710000a22002170004500
001 - NÚMERO DE CONTROL
Campo de control 11922
020 ## - NÚMERO INTERNACIONAL NORMALIZADO PARA LIBROS
Número Internacional Normalizado del libro 958-8130-10-7
041 0# - CÓDIGO DE IDIOMA
Código de idioma para texto/pista de sonido o título separado
082 04 - NÚMERO DE CLASIFICACIÓN DECIMAL DEWEY
Número de clasificación G 378.861 H493e
110 1# - ASIENTO PRINCIPAL--NOMBRE CORPORATIVO
Nombre corporativo o de jurisdicción como elemento de entrada Colciencias
245 10 - TÍTULO
Título del Material Educación superior. Sociedad e investigación : Cuatro estudios básicos sobre educación superior / Myriam Henao Willes...[et. al.]
260 ## - PUBLICACIÓN, DISTRIBUCIÓN, ETC. (PIE DE IMPRENTA)
Lugar de publicación, distribución, etc. Bogotá, Colombia : Colciencias
300 ## - DESCRIPCIÓN FÍSICA
Extensión 408 Pag
336 ## - CONTENT TYPE
Content type term texto
Content type code txt
Source rdacontent
337 ## - MEDIA TYPE
Source rdamedia
Media type term sin mediación
Media type code n
338 ## - CARRIER TYPE
Source rdacarrier
Carrier type term volumen
Carrier type code nc
505 00 - NOTA DE CONTENIDO
Nota de contenido con formato preestablecido Universidad y excelencia. Carlos Augusto Hernández Nuevas relaciones entre la Universidad, el Estados y la Sociedad. Guillermo Hoyos La acreditación en Colombia : ¿esfuerzos e impacto institucionales o nacionales? Nhora Pabón Eduación superior como objeto de reflexión e investigación. Miryam Henao
650 14 - ASIENTO SECUNDARIO DE MATERIA - TERMINO TEMÁTICO
Término temático o nombre geográfico como elemento de entrada EDUCACION SUPERIOR - Colombia
710 1# - ASIENTO SECUNDARIO - NOMBRE CORPORATIVO
Nombre corporativo o de jurisdicción como elemento de entrada Asociación Colombiana de Universidades
942 ## - TIPO DE MATERIAL (KOHA)
Tipo de Item KOHA Libros General
Existencias
Estado de Material Estado de Perdido Estado de Dañado No para Préstamo Colección Tomo Biblioteca de Origen Biblioteca Permanente Fecha de Adquisición Total de Préstamos Signatura Topográfica Código de Barras Última vez visto Última vez Préstado Ejemplar/Existencia Fecha de Remplazo Tipo de Material
        Colección General   Biblioteca FUSBC Biblioteca FUSBC 11/02/2005 1 G 378.861 H493e 15032 12/12/2019 09/09/2016 1 26/01/2016 Libros General

Biblioteca FUSBC | Teléfono: (57+4) 349 88 10 Ext. 141| WhatsApp (+57) 3005338115 
E-mail: biblioteca@unisbc.edu.co | Calle 76 87-14 Robledo Palenque, Medellín, Colombia

Con tecnología Koha